KOHA-Header-6

Estranged Neighbours India Pakistan 1947-2010 (Record no. 13766)

000 -LEADER
fixed length control field 00305nam a22001217a 4500
020 ## - INTERNATIONAL STANDARD BOOK NUMBER
ISBN 9789694963822
082 ## - DEWEY DECIMAL CLASSIFICATION NUMBER
Classification number 327.5491
100 ## - MAIN ENTRY--AUTHOR NAME
Personal name General K.M. Arif
245 ## - TITLE STATEMENT
Title Estranged Neighbours India Pakistan 1947-2010
260 ## - PUBLICATION, DISTRIBUTION, ETC. (IMPRINT)
Place of publication Islamabad Pakistan
Name of publisher Dost Publications
Year of publication 2010
300 ## - PHYSICAL DESCRIPTION
Number of Pages 344
942 ## - ADDED ENTRY ELEMENTS (KOHA)
Koha item type Books
Holdings
Withdrawn status Lost status Collection code Permanent Location Current Location Shelving location Date acquired Full call number Accession Number Koha item type
    Pakistan Studies / History MAJU MAJU Shelf No.A30 2023-05-29 327.5491 10873 Pakistan Studies

Powered by Koha